000 00425nam a2200181Ia 4500
001 2512
005 20260306144812.0
008 260306t2003||||xx |||||||||||||| ||spa||
041 _aESP
082 _a616.8914
_bE42
100 _aEllis, Albert
_eAUT
245 0 _aManual de terapia racional emotiva
260 _c2003
300 _a455 páginas :
_c21 cm.
650 _aGEN
654 _aCPS
942 _cLIB
_dJUS
_fJUS
_2ddc
_n
999 _c2512
_d2512